[Event "Women's Speed Chess Q3"]
[Site "chess.com INT"]
[Date "2021.05.30"]
[Round "13"]
[White "Paehtz, Elisabeth"]
[Black "Balabayeva, Xeniya"]
[Result "1/2-1/2"]
[WhiteTitle "IM"]
[BlackTitle "WFM"]
[WhiteElo "2456"]
[BlackElo "2178"]
[WhiteFideId "4641833"]
[BlackFideId "13719688"]
[EventDate "2021.05.30"]

1. d4 Nf6 2. Nf3 e6 3. Bf4 d5 4. e3 c5 5. Nbd2 Nc6 6. c3 Bd6 7. Bg3 Bxg3 8. hxg3
h6 9. Bb5 Bd7 10. Qe2 Qb6 11. Bxc6 Bxc6 12. Nb3 cxd4 13. exd4 Bb5 14. Qd2 Bc4
15. Nc5 Rc8 16. O-O-O Bxa2 17. Rhe1 Bc4 18. Ne5 Bb5 19. Qf4 Qc7 20. g4 b6 21. g5
hxg5 22. Qxg5 Rg8 23. Nxe6 fxe6 24. Ng6 Bd7 25. f4 Ne4 26. Qh5 Kd8 27. Ne5 Nxc3
28. Qg5+ Ke8 29. Qh5+ Kd8 30. Qg5+ Ke8 31. Qg6+ Kd8 32. Qg5+ 1/2-1/2

[Event "Women's Speed Chess Q3"]
[Site "chess.com INT"]
[Date "2021.05.30"]
[Round "13"]
[White "Cyfka, Karina"]
[Black "Kulkarni, Bhakti"]
[Result "1-0"]
[WhiteTitle "IM"]
[BlackTitle "IM"]
[WhiteElo "2415"]
[BlackElo "2391"]
[WhiteFideId "1122681"]
[BlackFideId "5019516"]
[EventDate "2021.05.30"]

1. d4 d6 2. Nf3 Nf6 3. c4 Bg4 4. Nc3 e5 5. dxe5 Bxf3 6. exf6 Bh5 7. fxg7 Bxg7 8.
Qb3 O-O 9. Qxb7 Nd7 10. g3 Nc5 11. Qd5 Bg6 12. Bg2 Rb8 13. O-O Re8 14. Bg5 Qd7
15. Qc6 Qf5 16. Bf4 Bxc3 17. bxc3 Rxe2 18. Qxc7 Rbe8 19. Qxd6 Ne4 20. Qc6 Nxc3
21. c5 h5 22. h4 Ne4 23. Qxe8+ Kh7 24. Qe5 Qg4 25. Qc7 Rc2 26. Rae1 Nc3 27. Re7
Ne2+ 28. Kh2 Nxf4 29. Rxf7+ Bxf7 30. Qxf7+ Kh6 31. Qxf4+ Qxf4 32. gxf4 Rxc5 33.
Re1 Ra5 34. Re2 Rf5 35. Kg3 a5 36. Rb2 Rc5 37. Rd2 Rc3+ 38. Bf3 Kg6 39. Rd6+ Kf5
40. Rd5+ Kf6 41. Rxa5 Rc2 42. a4 1-0

[Event "Women's Speed Chess Q3"]
[Site "chess.com INT"]
[Date "2021.05.30"]
[Round "13"]
[White "Morris-Suzuki, Sophie"]
[Black "Ambartsumova, Karina"]
[Result "1-0"]
[WhiteTitle "WFM"]
[BlackTitle "IM"]
[WhiteElo "2043"]
[BlackElo "2382"]
[WhiteFideId "30922615"]
[BlackFideId "4166299"]
[EventDate "2021.05.30"]

1. e4 c5 2. Nc3 Nc6 3. Bb5 Nd4 4. Bc4 a6 5. Nf3 e6 6. Nxd4 cxd4 7. Ne2 b5 8. Bb3
Qb6 9. d3 Ne7 10. O-O Nc6 11. Ng3 Be7 12. Qg4 g6 13. Bh6 Na5 14. f4 Nxb3 15.
axb3 d6 16. f5 Bd7 17. Bg7 Rg8 18. f6 Bf8 19. Bxf8 Rxf8 20. e5 d5 21. Qh4 h5 22.
Qg5 Bc8 23. Ne2 Bd7 24. Nf4 Rc8 25. Rf2 a5 26. Raf1 a4 27. b4 Qc7 28. Nxg6 Rg8
29. Qxh5 a3 30. Qh7 Bc6 31. Qxg8+ Kd7 32. Qxf7+ 1-0

[Event "Women's Speed Chess Q3"]
[Site "chess.com INT"]
[Date "2021.05.30"]
[Round "13"]
[White "Nguyen, Hong Anh"]
[Black "Zhuravleva, Olga"]
[Result "1-0"]
[WhiteTitle "WIM"]
[BlackTitle "WIM"]
[WhiteElo "1993"]
[BlackElo "2278"]
[WhiteFideId "12406732"]
[BlackFideId "4145933"]
[EventDate "2021.05.30"]

1. d4 g6 2. c4 Bg7 3. Nf3 d6 4. g3 Nc6 5. Bg2 e5 6. O-O exd4 7. Nbd2 Bg4 8. Nb3
Bxf3 9. Bxf3 Nge7 10. c5 O-O 11. cxd6 Qxd6 12. Bf4 Qd7 13. Nc5 Qc8 14. Rc1 Rb8
15. Qa4 a6 16. Nxb7 Qxb7 17. Bxc6 Nxc6 18. Rxc6 Qxb2 19. Qxa6 Rb6 20. Rxb6 cxb6
21. a4 Qb4 22. Rc1 h5 23. Rc8 Rxc8 24. Qxc8+ Kh7 25. Qc2 Qa5 26. Bc7 Bf6 27. Qc6
Qe1+ 28. Kg2 Kg7 29. Qe4 Qb4 30. Qe8 Qc5 31. Bf4 Qd5+ 32. Kg1 d3 33. exd3 Qxd3
34. Qc6 Qd1+ 35. Kg2 Qd4 36. Be3 Qb4 37. Bxb6 Bc3 38. Bc5 Qc4 39. Bf8+ 1-0

[Event "Women's Speed Chess Q3"]
[Site "chess.com INT"]
[Date "2021.05.30"]
[Round "13"]
[White "Zuriel, Marisa"]
[Black "Grigoryan, Meri"]
[Result "1-0"]
[WhiteTitle "WIM"]
[BlackTitle "WFM"]
[WhiteElo "2203"]
[BlackElo "2044"]
[WhiteFideId "109142"]
[BlackFideId "13300571"]
[EventDate "2021.05.30"]

1. e4 e5 2. Nf3 Nc6 3. Bc4 Nf6 4. O-O Bc5 5. d4 Bxd4 6. Nxd4 Nxd4 7. Bg5 O-O 8.
f4 d6 9. fxe5 dxe5 10. Bxf6 gxf6 11. c3 Ne6 12. Qf3 Nf4 13. Na3 Qe7 14. b4 Kh8
15. g3 Rg8 16. Kh1 Bg4 17. Qf2 Nh5 18. Nc2 Rad8 19. Ne3 Bh3 20. Rg1 a6 21. Be2
Rg5 22. Rad1 Rd6 23. Nd5 Qd8 24. Bxh5 Rxh5 25. Ne3 Rxd1 26. Rxd1 Qe7 27. Nd5 Qe6
28. Nxc7 Qc6 29. Nd5 Kg7 30. Qd2 Bg4 31. Rf1 Qc4 32. Rxf6 Qxe4+ 33. Kg1 Rf5 34.
Qh6+ 1-0

[Event "Women's Speed Chess Q3"]
[Site "chess.com INT"]
[Date "2021.05.30"]
[Round "13"]
[White "Assaubayeva, Bibisara"]
[Black "Gaponenko, Inna"]
[Result "1-0"]
[WhiteTitle "IM"]
[BlackTitle "IM"]
[WhiteElo "2381"]
[BlackElo "2357"]
[WhiteFideId "13708694"]
[BlackFideId "14101181"]
[EventDate "2021.05.30"]

1. d4 g6 2. c4 Bg7 3. Nc3 c5 4. dxc5 Bxc3+ 5. bxc3 Nf6 6. Bh6 Rg8 7. Nf3 Qa5 8.
Qc2 Qxc5 9. e3 Nc6 10. Be2 d6 11. Bf4 Bf5 12. Qb2 b6 13. Nd4 Bd7 14. Nb3 Qf5 15.
Rd1 g5 16. Bg3 Ne4 17. Nd4 Qf6 18. Bf3 Nxg3 19. hxg3 Rc8 20. Rxh7 Ne5 21. Rh1 g4
22. Bd5 e6 23. Bb7 Rc7 24. Nb5 Bxb5 25. Qxb5+ Ke7 26. Be4 Nxc4 27. Qb4 a5 28.
Qb3 Rh8 29. Rxh8 Qxh8 30. Bd3 Ne5 31. Qxb6 Nxd3+ 32. Rxd3 Rd7 33. Qc6 Qh1+ 34.
Ke2 Qb1 35. c4 Qxa2+ 36. Rd2 Qb3 37. Qe4 f5 38. Qf4 a4 39. c5 dxc5 40. Qg5+ Ke8
41. Qg8+ Ke7 42. Qg7+ Ke8 43. Qxd7+ 1-0

[Event "Women's Speed Chess Q3"]
[Site "chess.com INT"]
[Date "2021.05.30"]
[Round "13"]
[White "Eswaran, Aksithi"]
[Black "Starosta, Martyna"]
[Result "0-1"]
[WhiteTitle "WCM"]
[BlackTitle "WCM"]
[WhiteElo "1745"]
[BlackElo "1910"]
[WhiteFideId "2083485"]
[BlackFideId "21818754"]
[EventDate "2021.05.30"]

1. e4 e5 2. Nf3 Nc6 3. Bc4 Nf6 4. d3 Be7 5. O-O O-O 6. Re1 d6 7. c3 Kh8 8. Nbd2
Ng8 9. Nf1 f5 10. exf5 Bxf5 11. h3 d5 12. Bb3 Bf6 13. Ng3 Bg6 14. Bc2 Bh4 15.
Nxh4 Qxh4 16. Be3 d4 17. Bd2 Rf7 18. Qe2 Raf8 19. Rf1 Nge7 20. Rae1 Nd5 21. c4
Nf4 22. Bxf4 Rxf4 23. a3 a5 24. Ba4 Nd8 25. Qxe5 Bxd3 26. Qe8 Bxf1 27. Nxf1
Qxf2+ 28. Kh1 Rxe8 29. Rxe8+ Rf8 30. Rxf8+ Qxf8 31. Kg1 c6 32. Nd2 Qc5 33. Bc2
b5 34. Kf1 bxc4 35. Bd1 c3 36. bxc3 dxc3 37. Ne4 Qc4+ 38. Be2 Qxe4 39. Ke1 c2
40. Kd2 Qxe2+ 41. Kxe2 c1=Q 42. Kf3 Qd1+ 43. Kg3 c5 44. Kh2 c4 45. h4 c3 46. h5
c2 47. h6 c1=Q 48. hxg7+ Kxg7 49. Kh3 Qh6+ 50. Kg3 Qd3+ 51. Kf2 Qf4+ 52. Kg1
Qde3+ 53. Kh1 Qh4# 0-1

[Event "Women's Speed Chess Q3"]
[Site "chess.com INT"]
[Date "2021.05.30"]
[Round "13"]
[White "Jakubowska, Anna"]
[Black "Dordzhieva, Dinara"]
[Result "1-0"]
[WhiteTitle "WIM"]
[BlackTitle "WGM"]
[WhiteElo "2073"]
[BlackElo "2334"]
[WhiteFideId "1121952"]
[BlackFideId "24157570"]
[EventDate "2021.05.30"]

1. e4 c5 2. Nc3 Nc6 3. g3 g6 4. Bg2 Bg7 5. d3 d6 6. Nh3 e6 7. O-O Nge7 8. f4 O-O
9. g4 f5 10. gxf5 exf5 11. Ng5 h6 12. Nf3 Nd4 13. Be3 Nec6 14. Qd2 Kh7 15. Rae1
Qf6 16. Nd5 Nxf3+ 17. Rxf3 Qxb2 18. Rg3 Nb4 19. Qf2 Qxc2 20. Re2 Qxd3 21. Bxc5
Qd1+ 22. Re1 Qa4 23. Bxb4 Bd7 24. Bc3 Bxc3 25. Nxc3 Qc4 26. exf5 Bxf5 27. Nd5
Rad8 28. Ne3 Qc5 29. Nxf5 Qxf5 30. Be4 Qxf4 31. Bxg6+ Kh8 32. Qg2 Qd4+ 33. Kh1
Rf2 34. Qh3 Qf4 35. Reg1 Rf8 36. Bb1 Qf6 37. Rg6 Qxg6 38. Rxg6 Rf1+ 39. Rg1 R1f6
40. Qg3 R8f7 41. Qg8# 1-0

[Event "Women's Speed Chess Q3"]
[Site "chess.com INT"]
[Date "2021.05.30"]
[Round "13"]
[White "Zaksaite, Salomeja"]
[Black "Agrest, Inna"]
[Result "1/2-1/2"]
[WhiteTitle "WIM"]
[BlackTitle "WIM"]
[WhiteElo "2202"]
[BlackElo "2285"]
[WhiteFideId "12801496"]
[BlackFideId "1708830"]
[EventDate "2021.05.30"]

1. e4 e5 2. Nf3 Nc6 3. Bc4 Nf6 4. d3 Bc5 5. c3 a6 6. Nbd2 Ba7 7. Bb3 d6 8. h3 h6
9. Nf1 O-O 10. g4 Be6 11. Ng3 d5 12. Qe2 Qe7 13. Nf5 Bxf5 14. gxf5 Rad8 15. Rg1
Kh8 16. Bd2 dxe4 17. dxe4 Na5 18. O-O-O Nxb3+ 19. axb3 Qc5 20. Rg2 Qa5 21. Kc2
Qb5 22. Qxb5 axb5 23. Ra1 Bb6 24. Rag1 Rg8 25. Nxe5 Rdf8 26. Nd3 Nxe4 27. Re1
Nxd2 28. Kxd2 Rd8 29. Kc2 f6 30. Re7 Rge8 31. Rgxg7 Rxe7 32. Rxe7 Rg8 33. Nf4
Rg1 34. Ng6+ Kg8 35. Re8+ Kf7 36. Rf8+ Kg7 37. Re8 Kf7 38. Re7+ Kg8 39. Re6 Kg7
40. Re7+ Kg8 1/2-1/2

[Event "Women's Speed Chess Q3"]
[Site "chess.com INT"]
[Date "2021.05.30"]
[Round "13"]
[White "Eswaran, Ashritha"]
[Black "Vantika, Agrawal"]
[Result "0-1"]
[WhiteTitle "WIM"]
[BlackTitle "WIM"]
[WhiteElo "2244"]
[BlackElo "2286"]
[WhiteFideId "2080788"]
[BlackFideId "25050389"]
[EventDate "2021.05.30"]

1. e4 c5 2. Nf3 d6 3. d4 cxd4 4. Nxd4 Nf6 5. Nc3 a6 6. Be3 e5 7. Nf3 Be7 8. Bc4
Be6 9. Bb3 Nbd7 10. O-O Rc8 11. Bxe6 fxe6 12. Ng5 Nf8 13. Qf3 h6 14. Qh3 Qd7 15.
Rfd1 Ng6 16. Nf3 O-O 17. a4 Rc6 18. Nd2 Bd8 19. Nb3 Qf7 20. Qf3 Nh4 21. Qh3 g5
22. f3 d5 23. Bc5 Re8 24. a5 d4 25. Na4 Kg7 26. c3 dxc3 27. Nxc3 Nh5 28. Rd2 Nf4
29. Qg3 Be7 30. Bb6 Rec8 31. Rad1 Kg6 32. Nc1 Bb4 33. Rd6 Bxd6 34. N3e2 Bc5+ 35.
Bxc5 Rxc5 36. Nxf4+ exf4 37. Qf2 Rxc1 0-1

[Event "Women's Speed Chess Q3"]
[Site "chess.com INT"]
[Date "2021.05.30"]
[Round "13"]
[White "Ulziikhishigjargal, Ochirkhuyag"]
[Black "Froewis, Annika"]
[Result "1-0"]
[WhiteTitle "FM"]
[BlackTitle "WFM"]
[WhiteElo "2020"]
[BlackElo "2143"]
[WhiteFideId "4903188"]
[BlackFideId "1621432"]
[EventDate "2021.05.30"]

1. Nf3 e6 2. e3 d5 3. b3 Nf6 4. Bb2 Be7 5. c4 O-O 6. Nc3 c5 7. Rc1 Nc6 8. Bd3 d4
9. exd4 Nxd4 10. Nxd4 Qxd4 11. Qc2 b6 12. Ne4 Qd8 13. Nxf6+ Bxf6 14. Bxh7+ Kh8
15. Be4 Rb8 16. O-O Bxb2 17. Qxb2 Qd4 18. Qxd4 cxd4 19. c5 Bb7 20. c6 Ba6 21.
Rfe1 Rbc8 22. a4 Rc7 23. b4 b5 24. Rc5 bxa4 25. b5 Bc8 26. Rc4 g6 27. Rxd4 e5
28. Rxa4 f5 29. Bd5 Rd8 30. Rxe5 Rg7 31. f4 Rc7 32. Kf2 Kg7 33. h4 Kf6 34. Ke3
Re7 35. Rxe7 Kxe7 36. Bf3 Kd6 37. Rxa7 Re8+ 38. Kf2 Kc5 39. Rg7 Kxb5 40. Rxg6
Rd8 41. d3 Kc5 42. Ke3 Ba6 43. c7 Re8+ 44. Kf2 Bxd3 45. Rc6+ Kd4 46. c8=Q 1-0

[Event "Women's Speed Chess Q3"]
[Site "chess.com INT"]
[Date "2021.05.30"]
[Round "13"]
[White "Zhai, Mo"]
[Black "Perez Rodriguez, Jennifer"]
[Result "0-1"]
[WhiteTitle "WGM"]
[BlackTitle "WIM"]
[WhiteElo "2366"]
[BlackElo "2251"]
[WhiteFideId "8600201"]
[BlackFideId "3507831"]
[EventDate "2021.05.30"]

1. Nf3 Nf6 2. g3 d5 3. Bg2 c6 4. O-O Bf5 5. d3 e6 6. Nbd2 h6 7. c4 Nbd7 8. cxd5
exd5 9. e4 dxe4 10. dxe4 Bg4 11. e5 Nd5 12. h3 Be6 13. Nd4 Nc5 14. Ne4 Nxe4 15.
Nxe6 fxe6 16. Qh5+ Kd7 17. Bxe4 Qe8 18. Qf3 Bc5 19. Bd2 Rf8 20. Qb3 Kc7 21. Kg2
Rd8 22. Rac1 Qe7 23. a4 Kb8 24. a5 a6 25. Rc2 Rc8 26. Qc4 Ba7 27. b3 Qc7 28. Bc3
Nxc3 29. Qxc3 Rcd8 30. Rd2 Rxd2 31. Qxd2 Rd8 32. Qf4 Bd4 33. Qg4 Bxe5 34. Qxe6
Qxa5 35. Qe7 Qc7 36. Qe6 Bd4 37. Rd1 c5 38. Qg6 Rf8 39. Rd2 Rd8 40. h4 Qd7 0-1

[Event "Women's Speed Chess Q3"]
[Site "chess.com INT"]
[Date "2021.05.30"]
[Round "13"]
[White "Sikorova, Olga"]
[Black "Nurmanova, Alua"]
[Result "1-0"]
[WhiteTitle "WGM"]
[BlackTitle "WFM"]
[WhiteElo "2215"]
[BlackElo "2008"]
[WhiteFideId "307033"]
[BlackFideId "13729390"]
[EventDate "2021.05.30"]

1. c4 Nf6 2. g3 g6 3. Bg2 Bg7 4. Nc3 O-O 5. e4 e5 6. Nge2 d6 7. O-O Nbd7 8. d3
c6 9. h3 Re8 10. f4 Qc7 11. f5 Nc5 12. b4 Na6 13. a3 gxf5 14. exf5 e4 15. g4
exd3 16. Qxd3 Nd7 17. Bb2 Ne5 18. Qc2 Nxc4 19. Rf3 Ne3 20. Qd3 Nxg2 21. Kxg2 Bf6
22. Nf4 Be5 23. Nh5 f6 24. Re1 Bd7 25. Ba1 d5 26. Ne2 Bxa1 27. Rxa1 Qe5 28. Rf2
Qxa1 29. Qd2 Qe5 30. Qh6 Qe7 31. Nxf6+ Kh8 32. Nxe8 Rxe8 33. Nf4 Qe4+ 34. Kh2
Qe5 35. Kg2 Rg8 36. Ng6+ Rxg6 37. fxg6 Qe4+ 38. Kh2 Qe5+ 39. Kg1 Qe1+ 40. Rf1
Qg3+ 41. Kh1 1-0

[Event "Women's Speed Chess Q3"]
[Site "chess.com INT"]
[Date "2021.05.30"]
[Round "13"]
[White "Obregon Garcia, Roxangel"]
[Black "Pandey, Srishti"]
[Result "1-0"]
[WhiteTitle "WIM"]
[BlackTitle "WFM"]
[WhiteElo "2167"]
[BlackElo "2026"]
[WhiteFideId "3520420"]
[BlackFideId "35093290"]
[EventDate "2021.05.30"]

1. e4 e6 2. d4 d5 3. e5 c5 4. c3 Qb6 5. Nf3 Bd7 6. Be2 Bb5 7. O-O Bxe2 8. Qxe2
Qa6 9. Qd1 Ne7 10. Na3 Nf5 11. Nc2 Nc6 12. g4 Nfe7 13. Bf4 Ng6 14. Bg3 Be7 15.
a3 h5 16. h3 hxg4 17. hxg4 b6 18. dxc5 bxc5 19. b4 Qc8 20. bxc5 Bxc5 21. Ncd4
Ke7 22. Qa4 Nxd4 23. cxd4 Bb6 24. Kg2 Qd7 25. Qb4+ Ke8 26. Rac1 Rc8 27. Nd2 Rxc1
28. Rxc1 f6 29. Nf3 Kf7 30. exf6 gxf6 31. g5 fxg5 32. Nxg5+ Kg7 33. Nf3 Qf7 34.
Qc3 Rh5 35. Qe3 Rf5 36. Ne5 Nxe5 37. Bxe5+ Kf8 38. Rh1 Qg6+ 39. Kf1 Rf7 40. Rh8+
Ke7 41. Qb3 Qe4 42. Qb4+ Kd7 43. Qd6# 1-0

[Event "Women's Speed Chess Q3"]
[Site "chess.com INT"]
[Date "2021.05.30"]
[Round "13"]
[White "Shuvalova, Polina"]
[Black "Osmak, Iulija"]
[Result "1/2-1/2"]
[WhiteTitle "IM"]
[BlackTitle "IM"]
[WhiteElo "2484"]
[BlackElo "2425"]
[WhiteFideId "24171760"]
[BlackFideId "14101602"]
[EventDate "2021.05.30"]

1. e4 Nc6 2. Nf3 d6 3. h3 Nf6 4. Nc3 e5 5. d4 Be7 6. Bb5 exd4 7. Nxd4 Bd7 8. O-O
Nxd4 9. Bxd7+ Qxd7 10. Qxd4 O-O 11. b3 Ne8 12. Nd5 c6 13. Bb2 Nf6 14. Nxe7+ Qxe7
15. Rfe1 Rfd8 16. Rad1 Ne8 17. c4 f6 18. Rd3 Nc7 19. Rg3 Kh8 20. Qd2 Ne6 21. f4
Re8 22. Kh2 Rad8 23. Bc3 Nc5 24. Rge3 Qf7 25. Qb2 Re7 26. Bd4 Rde8 27. Bxc5 dxc5
28. Qc3 Qg6 29. e5 Qf5 30. Re4 h6 31. Kh1 fxe5 32. fxe5 Re6 33. Qe3 b6 34. a4 a5
35. Qg3 R8e7 36. Kh2 Re8 37. R4e3 Qh5 38. Qf4 Kh7 39. Qe4+ Kh8 40. Qf4 Kh7 41.
R1e2 Kh8 42. Re1 1/2-1/2

[Event "Women's Speed Chess Q3"]
[Site "chess.com INT"]
[Date "2021.05.30"]
[Round "13"]
[White "Tokhirjonova, Gulrukhbegim"]
[Black "Marjanovic, Annamaria"]
[Result "1-0"]
[WhiteTitle "WGM"]
[BlackTitle "WGM"]
[WhiteElo "2350"]
[BlackElo "2338"]
[WhiteFideId "14203626"]
[BlackFideId "750930"]
[EventDate "2021.05.30"]

1. e4 e6 2. d4 d5 3. e5 c5 4. c3 Nc6 5. Nf3 Bd7 6. Be2 Nge7 7. O-O Ng6 8. Na3
cxd4 9. cxd4 Be7 10. Nc2 O-O 11. a3 f6 12. exf6 Bxf6 13. g3 Kh8 14. Be3 Be8 15.
h4 Nge7 16. b4 Nf5 17. Bf4 Bh5 18. b5 Bxf3 19. bxc6 Bxe2 20. Qxe2 bxc6 21. Qxe6
Nxd4 22. Nxd4 Bxd4 23. Rad1 Bf6 24. Qxc6 d4 25. Rfe1 Qa5 26. Re6 Rac8 27. Qf3
Qa4 28. Rd3 Rc3 29. Rxf6 gxf6 30. Rxc3 dxc3 31. Qxc3 Qd1+ 32. Kg2 Qd5+ 33. Kh2
Qe6 34. Bg5 Kg7 35. Be3 Rf7 36. a4 Qe5 37. Qc4 Re7 38. a5 Qxa5 39. Qg4+ Kf7 40.
Qc4+ Kg7 41. Qg4+ Kf7 42. Bh6 Qe5 43. Qg7+ Ke6 44. Qg8+ Kd6 45. Bf4 Qxf4 46.
gxf4 a5 47. Qb8+ Ke6 48. Qb3+ Kf5 49. Qd5+ Kg4 50. Kg2 Kxf4 51. Qd6+ Re5 52.
Qxf6+ Rf5 53. Qd4# 1-0

[Event "Women's Speed Chess Q3"]
[Site "chess.com INT"]
[Date "2021.05.30"]
[Round "13"]
[White "Pourkashiyan, Atousa"]
[Black "Varshini, V"]
[Result "1-0"]
[WhiteTitle "WGM"]
[BlackTitle "WGM"]
[WhiteElo "2322"]
[BlackElo "2226"]
[WhiteFideId "12502014"]
[BlackFideId "5091241"]
[EventDate "2021.05.30"]

1. e4 c5 2. Nf3 d6 3. d4 cxd4 4. Nxd4 Nf6 5. Nc3 a6 6. Be2 e6 7. O-O Be7 8. Be3
O-O 9. f4 Qc7 10. a4 b6 11. Bd3 Bb7 12. Qf3 Nbd7 13. Rae1 Nc5 14. Kh1 d5 15. e5
Nfe4 16. Bxe4 Nxe4 17. Nxe4 dxe4 18. Qg3 Rfd8 19. c3 Rac8 20. f5 Rd5 21. fxe6
fxe6 22. Bf4 Qd7 23. Qh3 Re8 24. Qxe6+ Qxe6 25. Nxe6 Bh4 26. Nc7 Bxe1 27. Rxe1
Rdxe5 28. Nxe8 Rxe8 29. Be3 b5 30. axb5 axb5 31. Rd1 Kf7 32. h4 Ke6 33. Kh2 Re7
34. Bf4 Rd7 35. Ra1 Kd5 36. Kg3 Kc4 37. Re1 Kb3 38. Be5 Re7 39. Bd4 Bd5 40. Re2
g6 41. Kf4 Bc4 42. Re1 Bd3 43. Kg5 1-0

[Event "Women's Speed Chess Q3"]
[Site "chess.com INT"]
[Date "2021.05.30"]
[Round "13"]
[White "Alboredo, Julia"]
[Black "Golubeva, Oksana"]
[Result "0-1"]
[WhiteTitle "WFM"]
[BlackTitle "WFM"]
[WhiteElo "2182"]
[BlackElo "2179"]
[WhiteFideId "2124807"]
[BlackFideId "4170164"]
[EventDate "2021.05.30"]

1. e4 e6 2. d4 d5 3. Bd3 c5 4. exd5 exd5 5. Nf3 Nf6 6. O-O Nc6 7. h3 Be6 8. Re1
Qd7 9. Bb5 Bd6 10. dxc5 Bxc5 11. Ne5 Qc7 12. Bf4 Bd6 13. Nxc6 bxc6 14. Bxd6 Qxd6
15. Bd3 O-O 16. c4 d4 17. Nd2 c5 18. Qf3 Rab8 19. b3 Rfe8 20. Ne4 Nxe4 21. Qxe4
g6 22. Qf3 Kg7 23. h4 h5 24. Qg3 Qxg3 25. fxg3 Bg4 26. Kf2 a5 27. Rab1 Rxe1 28.
Rxe1 a4 29. Re5 axb3 30. axb3 Rxb3 31. Be4 Rb2+ 32. Kg1 Re2 33. Re7 d3 34. Rd7
Re1+ 35. Kf2 Rxe4 36. Rxd3 Rxc4 37. Rd5 Rc2+ 38. Kg1 c4 39. Rc5 Bf5 40. Rc7 Be4
41. Kh2 Bxg2 42. Kg1 Bf3 43. Rc8 Bg4 44. Rc7 c3 45. Rc6 Rc1+ 46. Kg2 c2 47. Rc7
Bf5 48. Kh2 Be4 49. g4 hxg4 50. Kg3 Bf5 51. Kh2 Be4 52. Kg3 Rg1+ 53. Kf4 c1=Q+
54. Rxc1 Rxc1 55. Kxe4 Rf1 0-1

[Event "Women's Speed Chess Q3"]
[Site "chess.com INT"]
[Date "2021.05.30"]
[Round "13"]
[White "Tanishka, Kotia"]
[Black "Ramirez, Maria Eugenia"]
[Result "1-0"]
[WhiteTitle "WFM"]
[BlackTitle "WFM"]
[WhiteElo "1849"]
[BlackElo "2057"]
[WhiteFideId "25005600"]
[BlackFideId "3301680"]
[EventDate "2021.05.30"]

1. d4 Nf6 2. Bf4 e6 3. e3 c5 4. c3 Nc6 5. Bd3 d5 6. Nf3 Bd6 7. Ne5 Qc7 8. Nxc6
bxc6 9. Bg3 O-O 10. dxc5 Bxg3 11. hxg3 h6 12. g4 e5 13. f3 e4 14. Be2 Qg3+ 15.
Kf1 Re8 16. Rh3 Qc7 17. f4 Rb8 18. b3 Qa5 19. b4 Qc7 20. Kf2 a5 21. a3 Bd7 22.
f5 Qe5 23. Qd4 Nh7 24. Qxe5 Rxe5 25. Nd2 Ng5 26. Rhh1 f6 27. Nb3 a4 28. Na5 Ra8
29. Bd1 Ree8 30. Bxa4 Rac8 31. Bd1 Nf7 32. Be2 Ne5 33. Nb3 g6 34. Nd4 gxf5 35.
gxf5 Kg7 36. Rh3 Kh7 37. Rah1 Nf7 38. Bh5 Ng5 39. Bg6+ Kg7 40. Rxh6 Rg8 41. Ne2
Ra8 42. Rh7+ Nxh7 43. Rxh7+ Kf8 44. Rxd7 Rxa3 45. Nd4 Rxc3 46. Ne6# 1-0

[Event "Women's Speed Chess Q3"]
[Site "chess.com INT"]
[Date "2021.05.30"]
[Round "13"]
[White "Sviridova, Vlada"]
[Black "Nguyen, Thi Thanh An"]
[Result "1-0"]
[WhiteTitle "WFM"]
[BlackTitle "WGM"]
[WhiteElo "2144"]
[BlackElo "2259"]
[WhiteFideId "24109606"]
[BlackFideId "12400300"]
[EventDate "2021.05.30"]

1. d4 Nf6 2. c4 g6 3. Nc3 Bg7 4. e4 d6 5. Nf3 O-O 6. Be2 e5 7. O-O Nc6 8. d5 Ne7
9. Ne1 Nd7 10. Be3 f5 11. f3 Nf6 12. Nd3 f4 13. Bf2 b6 14. b4 c5 15. dxc6 Nxc6
16. b5 Nd4 17. Nb4 Bd7 18. Bxd4 exd4 19. Qxd4 Qc7 20. Rac1 Rfe8 21. Rfd1 Ng4 22.
Qxd6 Qxd6 23. Rxd6 Ne5 24. Ncd5 Rac8 25. Nf6+ Bxf6 26. Rxf6 Bxb5 27. Nd5 Bxc4
28. Bxc4 Rxc4 29. Rxc4 Nxc4 30. Rc6 Ne5 31. Rc7 Rd8 32. Rxa7 b5 33. a3 h5 34.
Kf2 Nc4 35. g3 fxg3+ 36. hxg3 Kf8 37. f4 Nd6 38. Kf3 Rc8 39. Ne7 Rc3+ 40. Ke2
Nxe4 41. Nxg6+ Ke8 42. Re7+ Kd8 43. Rxe4 Rxg3 44. f5 Rxa3 45. f6 Ra7 46. Ne7 Ke8
47. Nc6+ Kf7 48. Nxa7 1-0

[Event "Women's Speed Chess Q3"]
[Site "chess.com INT"]
[Date "2021.05.30"]
[Round "13"]
[White "Cori T., Deysi"]
[Black "Voit, Daria"]
[Result "1-0"]
[WhiteTitle "WGM"]
[BlackTitle "WGM"]
[WhiteElo "2388"]
[BlackElo "2360"]
[WhiteFideId "3801934"]
[BlackFideId "4182146"]
[EventDate "2021.05.30"]

1. d4 Nf6 2. Nf3 e6 3. e3 b6 4. Bd3 Bb7 5. O-O Be7 6. c4 O-O 7. Nc3 c5 8. Qe2 d6
9. Rd1 Nbd7 10. a3 a6 11. b4 Qc7 12. Bb2 Rac8 13. e4 cxd4 14. Nxd4 Ne5 15. Rac1
Nxd3 16. Qxd3 Rfd8 17. f3 Qxc4 18. Qe3 Qc7 19. Nd5 Nxd5 20. exd5 Qb8 21. dxe6 f6
22. Nf5 Re8 23. Qxb6 Bd8 24. Qxd6 Qxd6 25. Nxd6 Bb6+ 26. Kh1 Rxc1 27. Rxc1 Rxe6
28. Nxb7 Re2 29. Bc3 h5 30. h4 Kf7 31. Nd6+ Kg6 32. Ne4 Ra2 33. Ra1 Rc2 34. Be1
Bd4 35. Rd1 Be5 36. Bg3 Bb2 37. a4 Ba3 38. b5 axb5 39. axb5 Rb2 40. Nc3 Rb3 41.
Nd5 Rxb5 42. Nf4+ Kf7 43. Rd7+ Kg8 44. Ne6 Rb6 45. Nxg7 Bc5 46. Nxh5 Rb1+ 47.
Kh2 f5 48. Nf6+ Kf8 49. Rc7 Be7 50. Nh7+ Ke8 51. Ng5 Bd6 52. Bxd6 1-0

[Event "Women's Speed Chess Q3"]
[Site "chess.com INT"]
[Date "2021.05.30"]
[Round "13"]
[White "Arpita, Mukherjee"]
[Black "Batsiashvili, Nino"]
[Result "0-1"]
[WhiteTitle "WIM"]
[BlackTitle "GM"]
[WhiteElo "2206"]
[BlackElo "2491"]
[WhiteFideId "5056403"]
[BlackFideId "13602993"]
[EventDate "2021.05.30"]

1. e4 c6 2. d4 d5 3. e5 c5 4. dxc5 e6 5. Nf3 Bxc5 6. a3 Ne7 7. b4 Bb6 8. Bd3 a5
9. b5 Ng6 10. Bb2 Nd7 11. O-O Qc7 12. Re1 O-O 13. g3 Nc5 14. h4 f5 15. h5 Nh8
16. Nbd2 Nf7 17. a4 Bd7 18. Nb3 Rfc8 19. Nbd4 Be8 20. Ng5 Nxg5 21. Qd2 Nge4 22.
Bxe4 Nxe4 23. Rxe4 dxe4 24. h6 Bxd4 25. Bxd4 Qxc2 26. Qg5 Qc7 27. Rd1 Qf7 28.
Bb6 Rc4 29. Bd8 Rac8 30. Kg2 Rxa4 31. b6 Rac4 32. Bc7 Rc6 33. Rd8 Rxd8 34. Qxd8
gxh6 35. Qb8 e3 36. fxe3 Rc2+ 37. Kg1 Kg7 38. Qd8 Bc6 39. Bd6 Rg2+ 40. Kf1 Rxg3
41. Be7 Rf3+ 42. Ke1 Rxe3+ 43. Kd2 Re4 44. Bf6+ Kg6 45. Qd3 Rg4 46. Qd8 h5 47.
Ke2 h4 48. Qd2 h3 49. Qe1 h2 0-1